V Sitaramayy (Record no. 115908)
[ view plain ]
| 000 -LEADER | |
|---|---|
| fixed length control field | 00809nam a2200277Ia 4500 |
| 003 - CONTROL NUMBER IDENTIFIER | |
| control field | OSt |
| 005 - DATE AND TIME OF LATEST TRANSACTION | |
| control field | 20240402153125.0 |
| 008 - FIXED-LENGTH DATA ELEMENTS--GENERAL INFORMATION | |
| fixed length control field | 210210b2006 xxu||||| |||| 00| 0 eng d |
| 020 ## - INTERNATIONAL STANDARD BOOK NUMBER | |
| International Standard Book Number | 8173028664 |
| 040 ## - CATALOGING SOURCE | |
| Transcribing agency | AL |
| 041 ## - LANGUAGE CODE | |
| Language code of text/sound track or separate title | Kannada |
| 082 ## - DEWEY DECIMAL CLASSIFICATION NUMBER | |
| Classification number | K894.9 PRAV |
| 100 ## - MAIN ENTRY--PERSONAL NAME | |
| Personal name | PRADHAN GURUDATTA Ed |
| Dates associated with a name | ಪ್ರಧಾನ್ ಗುರುದತ್ತ |
| 9 (RLIN) | 157914 |
| 245 ## - TITLE STATEMENT | |
| Title | V Sitaramayy |
| Remainder of title | ವಿ.ಸೀತಾರಾಮಯ್ಯ |
| 260 ## - PUBLICATION, DISTRIBUTION, ETC. | |
| Place of publication, distribution, etc. | Bengaluru |
| Name of publisher, distributor, etc. | Navakaranataka Prakashana |
| Date of publication, distribution, etc. | 2006 |
| 300 ## - PHYSICAL DESCRIPTION | |
| Extent | 114 |
| 650 ## - SUBJECT ADDED ENTRY--TOPICAL TERM | |
| Topical term or geographic name entry element | Vi |
| 9 (RLIN) | 157915 |
| 650 ## - SUBJECT ADDED ENTRY--TOPICAL TERM | |
| Topical term or geographic name entry element | Sitaramayya |
| 9 (RLIN) | 157916 |
| 650 ## - SUBJECT ADDED ENTRY--TOPICAL TERM | |
| Topical term or geographic name entry element | Ramachandra |
| 9 (RLIN) | 157917 |
| 650 ## - SUBJECT ADDED ENTRY--TOPICAL TERM | |
| Topical term or geographic name entry element | Em |
| 9 (RLIN) | 157918 |
| 650 ## - SUBJECT ADDED ENTRY--TOPICAL TERM | |
| Topical term or geographic name entry element | by |
| 9 (RLIN) | 157919 |
| 690 ## - LOCAL SUBJECT ADDED ENTRY--TOPICAL TERM (OCLC, RLIN) | |
| Topical term or geographic name as entry element | Kannada Criticism |
| 9 (RLIN) | 157920 |
| 700 ## - ADDED ENTRY--PERSONAL NAME | |
| Personal name | M Ramachandra |
| Dates associated with a name | ಎಂ ರಾಮಚಂದ್ರ |
| 9 (RLIN) | 157921 |
| 906 ## - LOCAL DATA ELEMENT F, LDF (RLIN) | |
| a | 061843 |
| 942 ## - ADDED ENTRY ELEMENTS (KOHA) | |
| Source of classification or shelving scheme | Dewey Decimal Classification |
| Koha item type | Book |
| Withdrawn status | Lost status | Damaged status | Not for loan | Collection code | Home library | Current library | Shelving location | Date acquired | Source of acquisition | Cost, normal purchase price | Total Checkouts | Full call number | Barcode | Date last seen | Price effective from | Koha item type |
|---|---|---|---|---|---|---|---|---|---|---|---|---|---|---|---|---|
| St Aloysius Library | St Aloysius Library | 02/17/2021 | Navakarnataka Publication Pvt Ltd., Mangalore. | 60.00 | K894.9 PRAV | 061843 | 02/17/2021 | 02/17/2021 | Book |